Rugrats: space invaders! / (Record no. 112006)
[ view plain ]
| 000 -LEADER | |
|---|---|
| fixed length control field | 00675nam a2200205 a 4500 |
| 001 - CONTROL NUMBER | |
| control field | 3762 |
| 005 - DATE AND TIME OF LATEST TRANSACTION | |
| control field | 20140414131926.0 |
| 008 - FIXED-LENGTH DATA ELEMENTS--GENERAL INFORMATION | |
| fixed length control field | 061010s19uu xx 00 eng d |
| 020 ## - INTERNATIONAL STANDARD BOOK NUMBER | |
| International Standard Book Number | 0-689-82130-1 |
| 050 ## - LIBRARY OF CONGRESS CALL NUMBER | |
| Classification number | ER |
| Item number | R84 1998 |
| 100 ## - MAIN ENTRY--PERSONAL NAME | |
| Personal name | Albee, Sarah |
| 245 ## - TITLE STATEMENT | |
| Title | Rugrats: space invaders! / |
| Statement of responsibility, etc | by Sarah Albee ; illustrated by Ron Zalme. |
| 260 ## - PUBLICATION, DISTRIBUTION, ETC. (IMPRINT) | |
| Place of publication, distribution, etc | New York : |
| Name of publisher, distributor, etc | Simon spotlight / Nickelodeon, |
| Date of publication, distribution, etc | 1998. |
| 300 ## - PHYSICAL DESCRIPTION | |
| Extent | 1 v. p. : ill. ; cm. |
| 440 ## - SERIES STATEMENT/ADDED ENTRY--TITLE | |
| Title | Ready to read |
| 520 ## - SUMMARY, ETC. | |
| Summary, etc | The Rugrats babies become convinced that Earth is about to be invaded by space aliens. |
| 650 ## - SUBJECT ADDED ENTRY--TOPICAL TERM | |
| Topical term or geographic name as entry element | Babies |
| General subdivision | Fiction. |
| 650 ## - SUBJECT ADDED ENTRY--TOPICAL TERM | |
| Topical term or geographic name as entry element | Extra-terrestrial beings |
| General subdivision | Fiction. |
| Withdrawn status | Lost status | Damaged status | Use restrictions | Home library | Current library | Shelving location | Date acquired | Source of acquisition | Total Checkouts | Full call number | Barcode | Date last seen | Price effective from | Koha item type |
|---|---|---|---|---|---|---|---|---|---|---|---|---|---|---|
| Munich Library | Munich Library | Easy Reading Section | 10/10/2006 | ER R84 1998 | M3003 | 04/14/2014 | 04/14/2014 | Books |